La conducta humana

Uloženo v:
Podrobná bibliografie
Hlavní autor: Hospers, John (Autor)
Médium: Kniha
Jazyk:španělština
Vydáno: Madrid Tecnos S. A 1964
Edice:Estructura y Función, 12
Témata:
Tagy: Přidat tag
Žádné tagy, Buďte první, kdo vytvoří štítek k tomuto záznamu!

MARC

LEADER 00000cam a2200000 a 4500
001 UCF9357
003 CL-VaPUC
008 131111e19640000sp |||||||||||||||||spa|d
082 0 4 |a 302.1  |b HOS  |2 21 
100 |a Hospers, John  |e author  |9 571623 
245 1 3 |a La conducta humana 
300 |a 866 p 
942 |c BK 
945 |d 20131111 15:03:00  |a dcastane 
260 |a Madrid  |b Tecnos S. A  |c 1964 
650 0 |a Naturaleza humana   |9 308593 
650 0 |a Conducta humana   |9 269906 
650 0 |a Sistemas sociales  |9 308361 
583 |a last modification  |c 20160307 01:10:30  |k Rodrigo Vera 
490 0 |a Estructura y Función, 12 
999 |c 353807  |d 353805 
952 |0 0  |1 0  |3 erb  |4 0  |6 302_100000000000000_HOS_1964  |7 0  |8 P  |9 459208  |a BIBEDU  |b BIBEDU  |c BIBEDU_PB  |d 2019-11-23  |i 5008093  |o 302.1 HOS 1964  |p 5008093  |r 2019-11-23  |w 2019-11-23  |y BK  |z Catalogado en:20131111  |k PSI